000 00621nam a2200217Ia 4500
001 9325
003 GE_BSU
008 181216s||||||||xx |||||||||||||| ||und||
040 _cGE_BSU
080 _a658.5.001+681.3
100 _aМамиконов,А.Г.
245 _aПроектирование АСУ.
245 _bУчебник.
245 _cНауч. ред. Н.И.Хрусталева.
260 _aМ.
260 _bВысшая школа.
260 _c1987.
300 _a303 стр. с илл. 22см. Библиогр.: стр.300.
653 _aПроектирование АСУ.
942 _cBK
999 _c42621
_d42621